000 01810cam a22001934a 4500
005 20250605164125.0
008 250528s ||||||||||||||||||||||||d
035 _a18410
040 _aGR-AtMCL
_bgre
_dGR-AtMCL
_eAACR2
245 1 _aΑγορές Χρήματος και Κεφαλαίου
260 _bΑντ. Ν. Σάκκουλα,
_c1990
300 _a308
520 _aΤραπεζική Επιστήμη - Θεωρία και Πράξη - Σειρά: Εγχειρίδια. Περιεχόμενα, Πρόλογος, Το Χρηματοπιστωτικό Σύστημα, Εισαγωγή στην Αποτίμηση Αξιογράφων, Η Σχέση Απόδοσης και Κινδύνου: Θεωρία Χαρτοφυλακίου και το Υπόδειγμα Αποτίμησης Κεφαλαιακών Στοιχείων, Εμπειρικοί Έλεγχοι του Υποδείγματος Αποτίμησης Κεφαλαιακών Στοιχείων, Η Υπόθεση της Ορθολογικής Κεφαλαιαγοράς, Εξελίξεις των Αγορών Χρήματος και Κεφαλαίου στις Ευρωπαϊκές Χώρες, Νέα Χρηματοοικονομικά Εργαλεία, Εισαγωγή στα Προθεσμιακά Συμβόλαια, Προθεσμιακά Συμβόλαια και Αντιστάθμιση του Κινδύνου (Hedging), Ο Σχηματισμός των Προθεσμιακών Τιμών Εμπορευμάτων, Χρηματοοικονομικά Δικαιώματα, Υποδείγματα Αποτίμησης Δικαιωμάτων, Βιβλιογραφία.
700 1 _aΘωμαδάκης Σταύρος Β
_94684
700 1 _aΞανθάκης Μανώλης
942 _cBK
999 _c3771
_d3771